000 00501nam a22001697a 4500
003 SISC
005 20160405131258.0
008 130903t xxu||||| |||| 00| 0 eng d
050 _aHF 5559
_b.Sa195 1980
082 _aHS 650.07
_bSa5 1980
100 _aSan Gabriel, Nati C.
_916299
245 _aBusiness finance and Philippine business firms /
_cSan Gabriel, Nati C.
260 _aQuezon City :
_bJMC Press,
_cc1980.
300 _a279 p. ;
_bill. ;
_c22 cm.
942 _2lcc
_cBK
999 _c10246
_d10246